000 00476nam a2200169 i 4500
001 55734
003 ES-MaACL
005 20230906163216.0
007 t|
008 030925s1952 sp ||||1| spa d
100 1 _aDevesa, Mercedes.
_944002
245 1 4 _aLas adelfas
_b: novela /
_cMercedes Devesa.
250 _a[1ยช ed.].
260 _aBarcelona :
_bJuventud,
_c[1952] (
_fCasa Provincial de Caridad)
300 _a204 p. ;
_c19 cm.
852 _aES-MaACL
_jD-8353
_bR.32398
999 _c55734
_d55734